All-Time Euroleague Scoring Leaders - Statistics

General Stats
  • This quiz has been taken 2 times
  • The average score is 16 of 25
Answer Stats
Points Player % Correct
3599 Georgios Printezis
100%
4379 Jan Vesely
100%
4152 Juan Carlos Navarro
100%
4417 Kostas Sloukas
100%
5916 Mike James
100%
5193 Nando De Colo
100%
3043 Nikola Kalinic
100%
4340 Sergio Llull
100%
3772 Sergio Rodriguez
100%
4455 Vasilis Spanoulis
100%
3339 Kyle Hines
50%
3420 Milos Teodosic
50%
3040 Nemanja Nedovic
50%
3418 Nick Calathes
50%
4410 Nikola Mirotic
50%
3241 Paulius Jankunas
50%
3221 Rodrigue Beaubois
50%
3225 Scottie Wilbekin
50%
3826 Shane Larkin
50%
3929 Tornike Shengelia
50%
3145 Wade Baldwin
50%
3800 Will Clyburn
50%
3060 Marko Guduric
0%
3691 Sasha Vezenkov
0%
3467 Vasilije Micic
0%
No matching quizzes found
Score Distribution
Percent of People with Each Score
Percentile by Number Answered
Your Score History
You have not taken this quiz